| 000 | 00657cam a2200229 4500 | ||
|---|---|---|---|
| 008 | 000000n1998 000 0 eng u | ||
| 020 | _a0902167847 | ||
| 035 | _a(Sirsi) u112232 | ||
| 050 | _a693.82 | ||
| 110 |
_aLoss Prevention Council _91863 |
||
| 245 | _aGaseous fire extinguishing systems using halocarbon agents: guidance for insurers | ||
| 260 |
_aBorehamwood _bLPC _c1998 |
||
| 300 | _a35p. ; 30cm. | ||
| 350 | _a20.00 | ||
| 490 |
_aLPR _v10 |
||
| 650 |
_aInsurance _96249 |
||
| 650 | _aFIRE DAMAGE | ||
| 650 | _aFIRE PREVENTION | ||
| 650 | _aMANAGEMENT-HEALTH AND SAFETY-FIRE SAFETY | ||
| 690 |
_aHealth and safety _96244 |
||
| 942 | _n0 | ||
| 999 |
_c101378 _d101378 |
||